• 首页
  • 本馆介绍
  • 公告通知
  • 最新文献
  • 馆藏检索
  • 电子资源
  • 读者导购
  • 参考咨询
  • 我的图书馆
  • 登录
  • 详细信息显示
  • 放入我的书架
  • 预约/预借图书
  • 作者相关作品
  • 分类相关作品
  • 丛书相关作品
  • 出版社相关作品

书目信息

  • 表格格式
  • 工作单格式
  • 卡片格式
题名:
水利水电开发项目生态环境保护研究与实践
    
 
作者: 祝兴祥 , 吴波 主编 ;国家环境保护总局 编
分册:  
出版信息: 北京   中国环境科学出版社  2006
页数: 356页
开本: 26cm
丛书名:
单 册:
中图分类: TV , X321
科图分类:
主题词: 水利工程--生态环境--环境保护--研究 , 水力发电工程--生态环境--环境保护--研究 , 水利工程 , 生态环境 , 环境保护 , 水力发电工程
电子资源:
ISBN: 7-80209-292-2
000 01559nam0 2200361 450
001 003180523
005 20070807164041.42
010    @a7-80209-292-2@dCNY80.00
035    @a003180523
100    @a20060531d2006 emky0chiy0110 ea
101 0  @achi
102    @aCN@b110000
105    @aab z 000yy
106    @ar
200 1  @a水利水电开发项目生态环境保护研究与实践@Ashui li shui dian kai fa xiang mu sheng tai huan jing bao hu yan jiu yu shi jian@f祝兴祥,吴波主编@Fzhu xing xiang, wu bo zhu bian@g国家环境保护总局环境影响评价管理司编@Gguo jia huan jing bao hu zong ju huan jing ying xiang ping jia guan li si bian
210    @a北京@c中国环境科学出版社@d2006
215    @a356页@c图,地图@d26cm
312    @a封面英文题名:Research and practice of ecological protection for water resource & hydropower development projects
330    @a本书内容分为五部分:部门规范性文件、综述、生态用水的预测方法与应用、低温水影响与减缓措施、鱼类影响与保护措施。
510 1  @aResearch and practice of ecological protection for water resource & hydropower development projects@zeng
606 0  @a水利工程@x生态环境@x环境保护@x研究
606 0  @a水力发电工程@x生态环境@x环境保护@x研究
606 0  @a水利工程
606 0  @a生态环境
606 0  @a环境保护
606 0  @a水力发电工程
690    @aTV@v4
690    @aX321@v4
701  0 @a祝兴祥@Azhu xing xiang@4主编
701  0 @a吴波@Awu bo@c(环境保护)@4主编
712 02 @a国家环境保护总局@Aguo jia huan jing bao hu zong ju@b环境影响评价管理司@4编
801  0 @aCN@bNLC@c20070807
905    @dTV@e50@f1
    
    水利水电开发项目生态环境保护研究与实践/祝兴祥,吴波主编/国家环境保护总局环境影响评价管理司编.-北京:中国环境科学出版社,2006
    356页:图,地图;26cm
    
    
    ISBN 7-80209-292-2:CNY80.00
    本书内容分为五部分:部门规范性文件、综述、生态用水的预测方法与应用、低温水影响与减缓措施、鱼类影响与保护措施。
●
相关链接 在E读中查询图书 在五车中查询图书 在当当中查询图书 在豆瓣中查询图书


正题名:水利水电开发项目生态环境保护研究与实践     索取号:TV/50         预约/预借

序号 登录号 条形码 馆藏地/架位号 状态 备注
1 0853830   208538304   第二样本阅览室/ [索取号:TV/50] 在馆    
唐山师范学院图书馆 欢迎您!
大连网信软件有限公司© 版权所有